Ciencias para el mundo contemporáneo : 1º Bachillerato

Gespeichert in:
Bibliographische Detailangaben
1. Verfasser: Marías Benito, Isidre
Weitere Verfasser: Molina, M. Cruz Aran, Josep M.
Format: Buch
Sprache:Spanisch
Erschienen: Barcelona : Octaedro, 2008
Katalog:MANES:  Suchergebnis im Bibliothekskatalog
Schulbuchspezifische Eigenschaften:
Schlagworte:
Tags: Tag hinzufügen
Keine Tags, Fügen Sie den ersten Tag hinzu!
Hinzugefügt zu:29.11.1999
Geändert in:07.05.2025

MARC

LEADER 00000cam a2200000 i 4500
005 20250507134358.0
008 000000s2008 espao fp 000 0 spa d
020 |a 9788480639286 
040 |a uned  |b spa  |c entro-manes 
100 1 |a Marías Benito, Isidre  |9 37099 
245 1 0 |a Ciencias para el mundo contemporáneo :   |b 1º Bachillerato /   |c [Equipo Praxis] I. Marías Benito, M. C. Molina Garuz, J. M. Aran Mester 
260 |a Barcelona :   |b Octaedro,   |c 2008 
300 |a 255 p. :   |b il. 
546 |a España 
561 |5 es-BUNED  |3 L.T.M. 2354  |a España. Fondo Manes UNED  |k MANES 
650 7 |a Ciencia 
691 0 |a SE 
700 1 |a Molina, M. Cruz  |9 37100  |a Aran, Josep M.  |9 37101 
942 |2 ddc  |c BK 
999 |c 93087  |d 93087 
999 |c manes:93087  |d 93087